01728nam a2200253 i 4500003000900000005001700009007000300026008004100029040003000070041000800100082002700108110010100135245009800236264010700334300004900441336002700490337003300517338002800550505071000578650004601288650004701334650005301381700004001434DO-SdBNP20251021102458.0ta100909s2006 dr ad r 000 0 spa d aDO-SdBNPbspacBNPHUerda aspa 4a352.48bR426i 20062221 aRepública Dominicana.bSecretaría de Estado de Hacienda.bDirección General de Presupuesto10aInforme de ejecución presupuestaria año 2006 /cdirector nacional, Luis A. Hernández G. 1aSanto Domingo :bSecretariado Técnico de la Presidencia,bDirección General de Presupuesto,c2006. a723 p. :bil., cuadros, gráficos ;c28 cm. atextobtxt2rdacontent asin mediaciónbn2rdamedia avolumenbnc2rdacarrier aAdministración central -- Informe sobre los ingresos -- Gobierno Central -- Información general sobre los egresos -- Estado de ejecución de fondos -- Ejecución del gasto consolidado por capitulo, dependencia, DAF, UE, y objeto -- Sector descentralizado y autónomo -- Análisis comparativo de la ejecución presupuestaria del sector descentralizado y autónomo -- Ejecución de cada institución descentralizada o autónomo sector descentralizado y autónomo -- Instituciones de la seguridad social -- Instituciones descentralizadas del gobierno locales -- Empresas públicas no financieras -- Instituciones públicas financieras monetarias -- Instituciones públicas no monetarias. 4aPresupuestozRepública Dominicanay2007 4aHacienda públicazRepública Dominicana 7aGastos públicos zRepública Dominicanay20071 a Hernández G, Luis A., edirector